|
|
|
|
| LEADER |
00000cam a2200000 7i4500 |
| 001 |
0000000626 |
| 002 |
000000717 |
| 005 |
20000330.0 |
| 020 |
|
|
|a 9676102873
|
| 090 |
0 |
0 |
|a JF
|b HAS
|
| 100 |
1 |
|
|a Hassall, Peter
|
| 245 |
1 |
0 |
|a Outward bound and Birds' nest soup
|c Peter Hassall and Susan Hassall
|
| 260 |
|
|
|a Kuala Lumpur :
|b Utusan Publications & Distrubutors Sdn.Bhd. ,
|c 1993
|
| 300 |
|
|
|a 98p :
|b ill ;
|c 21cm.
|
| 490 |
0 |
|
|a Hornbill stories
|
| 650 |
0 |
0 |
|a Children's stories
|
| 700 |
1 |
|
|a Hassall, Susan
|
| 999 |
|
|
|a \A
|b BUKU
|c YOUTH FICTION
|e PERPUSTAKAAN KOMUNITI PETALING JAYA
|
| 999 |
|
|
|a 030382
|b BUKU
|c PINJAMAN
|e PERPUSTAKAAN KOMUNITI PETALING JAYA
|